| 000 | 00462nam a22001817a 4500 | ||
|---|---|---|---|
| 999 |
_c258887 _d258886 |
||
| 003 | OSt | ||
| 005 | 20230620120542.0 | ||
| 008 | 200727b xxu||||| |||| 00| 0 eng d | ||
| 020 | _a188324966X | ||
| 040 |
_cDLC _bEng _erda |
||
| 050 |
_aHD39.4 _b.N48 2000 |
||
| 100 | _aNevitt, Peter K. | ||
| 245 | _aEquipment Leasing | ||
| 250 | _aFourth Edition | ||
| 260 |
_aNew York _bFrank J.Fabozzi Associates _c2000 |
||
| 300 |
_aviii,462p. _bill.; |
||
| 942 |
_2lcc _cBK |
||